000 00683nam a2200193Ia 4500
008 240729s9999 xx 000 0 und d
022 _a2076-0825
245 0 _aActuators
260 _aSwitzerland
260 _bMDPI AG
650 _a Electrical engineering. Electronics. Nuclear engineering
650 _a Electrical engineering. Electronics. Nuclear engineering
650 _a Materials of engineering and construction. Mechanics of materials | Technology
650 _a Production of electric energy or power. Powerplants. Central stations
650 _aTechnology
856 _uhttps://doaj.org/toc/f07e911e43ec4a1e95876182d85894cc
942 _2ddc
942 _cDOAJEJ
999 _c67853
_d67853
945 _a1
_bMadushi Gamage
_c1
_dMadushi Gamage